000 01105nam a2200277 a 4500
001 BRCA_1963
005 20190320203622.0
008 950807m19941995mx-#---##b---#001-0cspa-d
020 _a9682950937 (Obra completa)
040 _aDLC
_cDLC
050 4 _aN6558
_b.G66 1994
100 1 _aGonzález Franco, Glorinela
_96023
245 1 0 _aArtistas y artesanos a través de fuentes documentales
_cGlorinela González Franco, María del Carmen Olvera Calvo y Ana Eugenia Reyes y Cabañas.
260 _aMéxico
_bINAH
_c1994-1995
300 _a2 v.
_c26 cm.
440 0 _aColección Fuentes
_91308
500 _aIncluye índice por oficios, cronológico, analítico y onomástico (v.1), de oficios y nombramientos y onomástico (v.2)
504 _aBibliografía : p. 451-460 (v.1)
505 0 _aContenido : v.1. Ciudad de México. -- v.2. Ciudades, pueblos y villas
650 1 4 _aArtistas
_vBiografía
_zMéxico
_93612
650 1 4 _aArtesanos
_vBiografía
_zMéxico
_96024
700 1 _aOlvera, María del Carmen
_96025
700 1 _aReyes y Cabañas, Ana Eugenia
_96026
902 _aREF
942 _2lcc
_cB
999 _c1733
_d1733